书目信息 |
| 题名: |
农业经济管理
|
|
| 作者: | 陈娆 , 田淑敏 主编 | |
| 分册: | ||
| 出版信息: | 北京 高等教育出版社 2005.06 |
|
| 页数: | 327页 | |
| 开本: | 23cm | |
| 丛书名: | ||
| 单 册: | ||
| 中图分类: | F302 | |
| 科图分类: | ||
| 主题词: | 农业经济--nong ye jing ji--经济管理 | |
| 电子资源: | ||
| ISBN: | 7-04-017296-8 | |
| 000 | 00853nam0 2200241 450 | |
| 001 | 012006341399 | |
| 005 | 20060803154003.81 | |
| 010 | @a7-04-017296-8@dCNY26.00 | |
| 100 | @a20060803d2005 km y0chiy0120 ea | |
| 101 | 0 | @achi |
| 102 | @aCN@b110000 | |
| 105 | @ay z 000yy | |
| 106 | @ar | |
| 200 | 1 | @a农业经济管理@Anong ye jing ji guan li@f陈娆, 田淑敏主编@Fchen rao,tian shu min zhu bian |
| 210 | @a北京@c高等教育出版社@d2005.06 | |
| 215 | @a327页@d23cm | |
| 330 | @a本书包括导言、农产品供给与需求、农产品市场体系、农业经济管理体制、农业宏观调控、农业产业结构与布局、农业产业化经营、农业资源的管理、农业劳动力资源的管理等13章。 | |
| 606 | 0 | @a农业经济@Anong ye jing ji@x经济管理 |
| 690 | @aF302@v4 | |
| 701 | 0 | @a陈娆@Achen rao@4主编 |
| 701 | 0 | @a田淑敏@Atian shu min@4主编 |
| 801 | 0 | @aCN@bQSSK@c20060803 |
| 905 | @b597318-20@dF302@eC546 | |
| 农业经济管理/陈娆, 田淑敏主编.-北京:高等教育出版社,2005.06 |
| 327页;23cm |
| ISBN 7-04-017296-8:CNY26.00 |
| 本书包括导言、农产品供给与需求、农产品市场体系、农业经济管理体制、农业宏观调控、农业产业结构与布局、农业产业化经营、农业资源的管理、农业劳动力资源的管理等13章。 |
| ● |
| 相关链接 |
|
|
|
正题名:农业经济管理
索取号:F302/C546
 
预约/预借
| 序号 | 登录号 | 条形码 | 馆藏地/架位号 | 状态 | 备注 |
| 1 | 597318 | 205973188 | 社科库409/409社科库 51排6列1层/ [索取号:F302/C546] | 在馆 | |
| 2 | 597319 | 205973197 | 社科库409/409社科库 32排5列4层/ [索取号:F302/C546] | 在馆 | |
| 3 | 597320 | 205973204 | 社科库409/409社科库 32排5列4层/ [索取号:F302/C546] | 在馆 |